MARC

LEADER 00000nam0a2200000 4500
001 148670
005 20231031145544.0
035 |a (RuTPU)RU\TPU\book\161200 
090 |a 148670 
100 |a 20081205d1982 m y0rusy50 ca 
101 0 |a rus 
102 |a RU 
105 |a a z 000ay 
200 1 |a Повести. Рассказы  |f В. К. Сапожников 
210 |a Новосибирск  |c Западно-Сибирское книжное издательство  |d 1982 
215 |a 608 с.  |c ил. 
610 1 |a советская литература 
610 1 |a повести 
610 1 |a рассказы 
610 1 |a Сибирь 
675 |a Р2  |v 3 
700 1 |a Сапожников  |b В. К.  |g Владимир Константинович 
801 1 |a RU  |b 63413507  |c 20081205  |g PSBO 
942 |c BK